OPAC Home

උපාසක ජනාලංකාරය (Record no. 77859)

MARC details
000 -LEADER
fixed length control field 00510nam a2200181Ia 4500
003 - CONTROL NUMBER IDENTIFIER
control field LK-CoDNM
005 - DATE AND TIME OF LATEST TRANSACTION
control field 20230824103918.0
008 - FIXED-LENGTH DATA ELEMENTS--GENERAL INFORMATION
fixed length control field t1870 A.C. xxu||||| |||| 00| 0 sin d
040 ## - CATALOGING SOURCE
Original cataloging agency LK-CoDNM
Modifying agency LK-CoDNM
Description conventions LK-CoDNM
041 ## - LANGUAGE CODE
Language code of text/sound track or separate title Sinhala; Sinhalese
--
080 ## - UNIVERSAL DECIMAL CLASSIFICATION NUMBER
Universal Decimal Classification number V.2
942 ## - ADDED ENTRY ELEMENTS (KOHA)
Koha item type Palm Leaf
245 ## - TITLE STATEMENT
Title උපාසක ජනාලංකාරය
246 ## - VARYING FORM OF TITLE
Title proper/short title Upasaka Janalankaraya
260 ## - PUBLICATION, DISTRIBUTION, ETC. (IMPRINT)
Date of publication, distribution, etc. 1870 A.C.
300 ## - PHYSICAL DESCRIPTION
Extent Palm leaf,Foll 72,22in.x2 1/4in.
500 ## - GENERAL NOTE
General note A Pali work on the duties of a Buddhist Upasaka
Holdings
Withdrawn status Lost status Damaged status Not for loan Collection code Permanent Location Current Location Date acquired Full call number Barcode Koha item type
        Ola Leaf Collection Library National Museum Colombo - Sri Lanka Library National Museum Colombo - Sri Lanka 2023-07-14 V 2 PL753 Palm Leaf
Copyright © 2023 Department of National Museum, Colombo 07, Sri Lanka Funded by UNESCO IFAP UNESCO